A la rencontre de Jean-Jacques Rousseau

Bewaard in:
Bibliografische gegevens
Formaat: Boek
Taal:Undetermined
Gepubliceerd in: Geneve Georg 1962
Onderwerpen:
Tags: Voeg label toe
Geen labels, Wees de eerste die dit record labelt!
Thư viện lưu trữ: Trung tâm Học liệu Trường Đại học Cần Thơ
LEADER 00490nam a2200181Ia 4500
001 CTU_111572
008 210402s9999 xx 000 0 und d
082 |a 923.2 
082 |b R393 
245 2 |a A la rencontre de Jean-Jacques Rousseau 
245 0 |c Textes et documents réunis par Bernard Gagnebin 
260 |a Geneve 
260 |b Georg 
260 |c 1962 
650 |a Politicians 
650 |z French 
904 |i M.Loan 
980 |a Trung tâm Học liệu Trường Đại học Cần Thơ